Welcome to CU Library Online Public Access Catalogue (OPAC)

Fuentes : (Record no. 5496)

MARC details
000 -LEADER
fixed length control field 00544nam a22001577a 4500
005 - DATE AND TIME OF LATEST TRANSACTION
control field 20250416202051.0
008 - FIXED-LENGTH DATA ELEMENTS--GENERAL INFORMATION
fixed length control field 250416b |||||||| |||| 00| 0 eng d
020 ## - INTERNATIONAL STANDARD BOOK NUMBER
International Standard Book Number 0618465243
050 ## - LIBRARY OF CONGRESS CALL NUMBER
Classification number RC4121
Item number .R87 2005
245 ## - TITLE STATEMENT
Title Fuentes :
Remainder of title Conversacion y gramatica /
Statement of responsibility, etc. [Authors] Debbie Rusch; Marcela Dominguez; Lucia Caycedo Garner
250 ## - EDITION STATEMENT
Edition statement 3rd ed.
260 ## - PUBLICATION, DISTRIBUTION, ETC.
Place of publication, distribution, etc. Boston
-- New York
Name of publisher, distributor, etc. Houghton Mifflin Company
Date of publication, distribution, etc. c2005
300 ## - PHYSICAL DESCRIPTION
Extent 382pages
Other physical details Illustrations, Appendix
Dimensions 25cm
500 ## - GENERAL NOTE
General note Instructor's Annotated Edition
942 ## - ADDED ENTRY ELEMENTS (KOHA)
Source of classification or shelving scheme Library of Congress Classification
Koha item type Books
Edition 3rd ed.
Suppress in OPAC No
999 ## -
-- 5496
-- 5496
Holdings
Withdrawn status Lost status Source of classification or shelving scheme Damaged status Not for loan Collection Home library Current library Shelving location Date acquired Total checkouts Full call number Barcode Date last seen Copy number Price effective from Koha item type
    Library of Congress Classification     Non-fiction Business Library (Miotso) Business Library (Miotso) Reference 04/16/2025   RC4121.R87 RUS bssm00001912 04/16/2025 1 04/16/2025 Books
© 2023-2024 Copyright: Central University Libraries. All Rights Reserved | Created by: Mahone Tech Office